Tipografía ibérica del siglo XV (Record no. 77371)

MARC details
000 -LEADER
campo de control de longitud fija 00604nam a2200157 i 4500
001 - NÚMERO DE CONTROL
campo de control 77371
003 - IDENTIFICADOR DE NÚMERO DE CONTROL
campo de control ES-MaACL
007 - CAMPO FIJO DE DESCRIPCIÓN FÍSICA--INFORMACIÓN GENERAL
campo de control de longitud fija t|
008 - DATOS DE LONGITUD FIJA--INFORMACIÓN GENERAL
campo de control de longitud fija 041008s1902 gw ||||1| spa d
100 1# - ENTRADA PRINCIPAL--NOMBRE DE PERSONA
Nombre de persona Haebler, Konrad.
9 (RLIN) 187917
245 10 - MENCIÓN DEL TÍTULO
Título Tipografía ibérica del siglo XV
Resto del título : reproducción en facsímil de todos los carateres tipográficos empleados en España y Portugal hasta el año 1.500 /
Mención de responsabilidad, etc. con notas críticas y biográficas por Conrado Haebler.
260 ## - PUBLICACIÓN, DISTRIBUCIÓN, ETC.
Lugar de publicación, distribución, etc. La Haya ;
-- Leipzig :
Nombre del editor, distribuidor, etc. Karl W. Hiersemmenn,
Fecha de publicación, distribución, etc. 1902.
300 ## - DESCRIPCIÓN FÍSICA
Extensión 91 p., 87 lám. ;
Dimensiones 37 cm.
852 ## - LOCALIZACIÓN
Ubicación ES-MaACL
Número de control de estantería B-5529
Holdings
Estatus retirado Estado de pérdida Estado de daño No para préstamo Biblioteca de origen Biblioteca actual Ubicación en estantería Fecha de adquisición Fuente de adquisición Total de préstamos Signatura topográfica completa Código de barras Visto por última vez Precio de reemplazo Tipo de ítem Koha
        Biblioteca del Ateneo de Madrid Biblioteca del Ateneo de Madrid Sala Pardo Bazán 17/01/2008     B-5529 1080952 23/02/2023 23/02/2023 Libro impreso